000 00412nam a22001337a 4500
008 140326b xxu||||| |||| 00| 0 eng d
050 _aPR6005.H8Z5 1935
100 _aChurch, Richard
_99401
245 _aOver the Bridge
_ban essay in autobiography
_cRichard Church
260 _aMelbourne
_bWilliam Heinemann LTD.
_c1935
300 _a231p. ;
_c22cm.
600 _aChurch, Richard
_99402
942 _2lcc
_cMONOGRAPH
999 _c120268
_d120268